Acta de la sesión pública inaugural que en 2 de Enero de 1862 celebró la Academia de Medicina y Cirugía de Barcelona
Descripción Física:
62 p. ; 24 cm
MARC
| LEADER | 00000nam a2200000Ia 4500 | ||
|---|---|---|---|
| 001 | 17989 | ||
| 008 | 160829s1862 xx 000 0 cat d | ||
| 080 | |a C-2-471 | ||
| 110 | 2 | |a Reial Acadèmia de Medicina de Barcelona |9 55094 | |
| 245 | |a Acta de la sesión pública inaugural que en 2 de Enero de 1862 celebró la Academia de Medicina y Cirugía de Barcelona | ||
| 260 | |a Barcelona : |b Imprenta y librería politécnica de Tomás Gorchs, |c 1862 | ||
| 300 | |a 62 p. ; |c 24 cm | ||
| 590 | |a Prové de 383 | ||
| 650 | |a Real Academia de Medicina y Cirugía de Barcelona | ||
| 901 | |a Arxiu | ||
| 942 | |n 1 | ||
| 952 | |0 0 |1 0 |4 0 |6 C2471 |7 1 |9 53350 |a Arxiu |b Arxiu |d 2016-12-01 |l 0 |o C-2-471 |p 17989 |r 2016-12-01 00:00:00 |w 2016-12-01 |y ARXIU | ||
| 999 | |c 57215 |d 57215 | ||